|
|
|
|
| LEADER |
00994nam a22002417a 4500 |
| 001 |
31306 |
| 003 |
BD-DhAAL |
| 005 |
20160929125511.0 |
| 008 |
160929s2016 bg ||||| |||| 00| 0 mul d |
| 020 |
|
|
|a 9789843410290
|
| 040 |
|
|
|a BD-DhAAL
|c BD-DhAAL
|
| 082 |
|
|
|2 23
|a 658.312404
|
| 245 |
|
|
|a Post training impact study of the IGA training courses of the female participants conducted by Bangladesh co-operative academy and co-operative zonal training institutes /
|c Md. Abul Hossain [et..al]
|
| 260 |
|
|
|a Comilla :
|b Bangladesh Co-operative Academy,
|c 2016
|
| 300 |
|
|
|a 72 pages ;
|c 23 cm.
|
| 526 |
|
|
|a Library
|
| 541 |
|
|
|e 31306
|
| 650 |
|
|
|a Employees
|x Training of
|x Evaluation
|9 20472
|
| 700 |
|
|
|a Hossain, Md. Abul
|9 20473
|
| 852 |
|
|
|a Ayesha Abed Library
|c General Stacks
|
| 942 |
|
|
|2 ddc
|c BK
|
| 999 |
|
|
|c 37789
|d 37789
|
| 952 |
|
|
|0 0
|1 0
|2 ddc
|4 0
|6 658_312404000000000_POS
|7 0
|9 59641
|a BRACUL
|b BRACUL
|c GEN
|d 2016-09-29
|e Complementary
|g 200.00
|l 0
|o 658.312404 POS
|p 3010031306
|r 2016-09-29
|t 1
|w 2016-09-29
|y BK
|